[Event "Reykjavik Blitz op"]
[Site "Reykjavik"]
[Date "2022.01.29"]
[Round "10"]
[White "Skarphedinsson, Ingvar Wu"]
[Black "Omarsson, Josef"]
[Result "1-0"]
[WhiteElo "1664"]
[BlackElo "1185"]
[PlyCount "79"]
[EventDate "2022.01.29"]
[EventType "swiss (blitz)"]
[EventRounds "11"]
[EventCountry "ISL"]
[SourceTitle "CBM 206 Extra"]
[Source "ChessBase"]
[SourceDate "2022.03.31"]
[SourceVersion "1"]
[SourceVersionDate "2022.03.31"]
[SourceQuality "1"]

1. d4 Nf6 2. Bf4 g6 3. Nc3 Bg7 4. e4 0-0 5. Qd2 d6 6. f3 Re8 7. 0-0-0 a6 8. Bh6 Bh8 9. h4 b5 10. h5 Bb7 11. g4 Nbd7 12. hxg6 hxg6 13. g5 Nh5 14. Nh3 Nb6 15. Nf4 Nxf4 16. Qxf4 e5 17. Qh4 exd4 18. Bf8 Kxf8 19. Qxh8+ Ke7 20. Qf6+ Kd7 21. Bh3+ Kc6 22. Qxd4 Qxg5+ 23. Kb1 Qc5 24. Qf6 Rf8 25. f4 Nd7 26. Qe7 Nb6 27. Bg2 Rae8 28. e5+ d5 29. Qh4 Kd7 30. Qg4+ Ke7 31. Qg5+ Kd7 32. Bh3+ Kc6 33. Bg2 Bc8 34. Qf6+ Re6 35. Qh4 Bd7 36. a3 Kb7 37. Nxd5 Bc6 38. b4 Bxd5 39. bxc5 Bxg2 40. Rhg1 1-0

[Event "EU-ch Hybrid U10"]
[Site "Tornelo INT"]
[Date "2021.10.15"]
[Round "3"]
[White "Omarsson, Josef"]
[Black "Dolgopolov, Egor"]
[Result "0-1"]
[WhiteElo "1274"]
[BlackElo "1437"]
[PlyCount "84"]
[EventDate "2021.10.15"]
[EventType "swiss"]
[EventRounds "9"]
[EventCountry "NET"]
[SourceTitle "EXT 2023"]
[Source "ChessBase"]
[SourceDate "2022.10.05"]
[SourceVersion "1"]
[SourceVersionDate "2022.10.05"]
[SourceQuality "1"]
[WhiteTeam "Island"]
[BlackTeam "Russia"]
[WhiteTeamCountry "ISL"]
[BlackTeamCountry "RUS"]

1. d4 d5 2. Bf4 Nf6 3. e3 e6 4. Nf3 Nbd7 5. Bd3 Be7 6. Nbd2 b6 7. Ne5 Bb7 8. c3 c5 9. g4 Nxe5 10. dxe5 Nd7 11. Qe2 Qc7 12. Nf3 0-0-0 13. 0-0 Rdg8 14. Ba6 g5 15. Bg3 h5 16. h3 hxg4 17. hxg4 Rh4 18. Bxb7+ Kxb7 19. Nxh4 gxh4 20. Bf4 Nxe5 21. Bxe5 Qxe5 22. f4 Qg7 23. Kh2 f5 24. g5 Bd6 25. Kh3 Re8 26. Qd3 Qg6 27. Rh1 Qh5 28. Qd1 Qf7 29. Qf3 Kb8 30. Kxh4 e5 31. Kg3 d4 32. cxd4 cxd4 33. Qc6 Qe7 34. Rh7 exf4+ 35. exf4 Qxg5+ 36. Kh2 Qxf4+ 37. Kh1 Qe4+ 38. Qxe4 fxe4 39. Rh4 e3 40. Kg2 e2 41. Kf2 d3 42. Rh3 d2 0-1

[Event "EU-ch Hybrid U10"]
[Site "Tornelo INT"]
[Date "2021.10.15"]
[Round "9"]
[White "Omarsson, Josef"]
[Black "Nalbandian, David"]
[Result "1/2-1/2"]
[WhiteElo "1274"]
[BlackElo "1058"]
[PlyCount "185"]
[EventDate "2021.10.15"]
[EventType "swiss"]
[EventRounds "9"]
[EventCountry "NET"]
[SourceTitle "EXT 2023"]
[Source "ChessBase"]
[SourceDate "2022.10.05"]
[SourceVersion "1"]
[SourceVersionDate "2022.10.05"]
[SourceQuality "1"]
[WhiteTeam "Island"]
[BlackTeam "Russia"]
[WhiteTeamCountry "ISL"]
[BlackTeamCountry "RUS"]

1. d4 d5 2. Bf4 Nf6 3. e3 c6 4. Nd2 Bf5 5. Ngf3 e6 6. Be2 Bd6 7. Bg3 Qe7 8. Nh4 Bxg3 9. hxg3 Qb4 10. Nxf5 exf5 11. Rb1 Qa5 12. a3 Ne4 13. c3 Nd7 14. 0-0 Qc7 15. Bd3 Qd8 16. Bxe4 dxe4 17. Nc4 Qc7 18. Qh5 b5 19. Nd2 g6 20. Qh4 Qd6 21. b4 Qf6 22. Qxf6 Nxf6 23. c4 a6 24. Rfc1 h5 25. cxb5 cxb5 26. Rc7 0-0 27. Rbc1 a5 28. R7c6 Ng4 29. Rb6 axb4 30. axb4 Ra2 31. Rd1 Rfa8 32. Kf1 h4 33. gxh4 Ra1 34. Rxa1 Rxa1+ 35. Ke2 Rg1 36. g3 Rg2 37. d5 Rxf2+ 38. Ke1 Rg2 39. Nf1 Ra2 40. Rb8+ Kg7 41. d6 Ra7 42. Rxb5 Rd7 43. Rd5 Nf6 44. Rd2 Ne8 45. b5 Rxd6 46. Rxd6 Nxd6 47. b6 Kf6 48. Nd2 Nb7 49. Nb3 Ke6 50. Nd4+ Kd5 51. Kf2 Nd6 52. Ke2 f6 53. Kd1 f4 54. gxf4 Nb7 55. Kc2 f5 56. Kc3 Kc5 57. Ne6+ Kxb6 58. Nf8 Kc5 59. Nxg6 Nd6 60. h5 Nf7 61. Ne7 Nh6 62. Kb3 Kd6 63. Ng6 Ke6 64. Kc4 Kf6 65. Kc5 Ng4 66. Kd4 Nh6 67. Ne5 Ke6 68. Nc6 Kd6 69. Na7 Ke6 70. Nb5 Ng4 71. Nc3 Kf6 72. Nxe4+ fxe4 73. Kxe4 Kg7 74. Kf3 Nf6 75. e4 Nxh5 76. Kg4 Nf6+ 77. Kf5 Nxe4 78. Kxe4 Kf6 79. f5 Kf7 80. Ke5 Ke7 81. f6+ Kf8 82. Kf4 Kf7 83. Kf5 Kf8 84. Kg4 Kf7 85. Kg5 Kf8 86. Kg6 Kg8 87. Kh6 Kf7 88. Kg5 Kf8 89. Kf5 Kf7 90. Ke5 Kf8 91. Ke6 Ke8 92. f7+ Kf8 93. Kf6 1/2-1/2

[Event "EU-ch Hybrid U10"]
[Site "Tornelo INT"]
[Date "2021.10.15"]
[Round "6"]
[White "Pyatnitsyn, Matvey A"]
[Black "Omarsson, Josef"]
[Result "1-0"]
[WhiteElo "1195"]
[BlackElo "1274"]
[PlyCount "49"]
[EventDate "2021.10.15"]
[EventType "swiss"]
[EventRounds "9"]
[EventCountry "NET"]
[SourceTitle "EXT 2023"]
[Source "ChessBase"]
[SourceDate "2022.10.05"]
[SourceVersion "1"]
[SourceVersionDate "2022.10.05"]
[SourceQuality "1"]
[WhiteTeam "Russia"]
[BlackTeam "Island"]
[WhiteTeamCountry "RUS"]
[BlackTeamCountry "ISL"]

1. e4 d6 2. d4 Nf6 3. Nc3 g6 4. f3 Bg7 5. Be3 a6 6. Qd2 Nbd7 7. Be2 b5 8. a3 Bb7 9. Nh3 0-0 10. Nf2 c5 11. g4 cxd4 12. Bxd4 Nb6 13. h4 Nc4 14. Bxc4 bxc4 15. Be3 Re8 16. h5 d5 17. hxg6 fxg6 18. 0-0-0 dxe4 19. Qe2 exf3 20. Qxc4+ Nd5 21. Nxd5 Kh8 22. Nf4 Bxb2+ 23. Kxb2 Qc8 24. Rxh7+ Kxh7 25. Qf7+ 1-0